Studies on drought tolerance of certain modern clones in North Konkan region of Maharashtra (Record no. 69577)

MARC details
000 -LEADER
fixed length control field 00683nam a2200193Ia 4500
100 ## - MAIN ENTRY--AUTHOR NAME
Personal name Ravichandran S
245 #0 - TITLE STATEMENT
Title Studies on drought tolerance of certain modern clones in North Konkan region of Maharashtra
260 ## - PUBLICATION, DISTRIBUTION, ETC. (IMPRINT)
Name of publisher International Workshop on Climate Change and Rubber Cultivation: R & D Priorities, 28-30 July 2010, Rubber Research Institute of India, Kottayam, Kerala, pp. 65-66
Year of publication 2010
650 ## - SUBJECT ADDED ENTRY--TOPICAL TERM
Topical Term Drought tolerance
650 ## - SUBJECT ADDED ENTRY--TOPICAL TERM
Topical Term Humid climate
650 ## - SUBJECT ADDED ENTRY--TOPICAL TERM
Topical Term Irrigation
650 ## - SUBJECT ADDED ENTRY--TOPICAL TERM
Topical Term Modern clone
650 ## - SUBJECT ADDED ENTRY--TOPICAL TERM
Topical Term North Konkan
700 ## - ADDED ENTRY--PERSONAL NAME
Personal name Annamalainathan K
700 ## - ADDED ENTRY--PERSONAL NAME
Personal name Jacob J
700 ## - ADDED ENTRY--PERSONAL NAME
Personal name Singh M
942 ## - ADDED ENTRY ELEMENTS (KOHA)
Koha item type Journals
Holdings
Withdrawn status Lost status Damaged status Not for loan Home library Current library Shelving location Date acquired Koha item type
      Journals RRII Library RRII Library Climate change 19/08/2010 Journals